| 000 | 00969nam a22002775a 4500 | ||
|---|---|---|---|
| 003 | OSt | ||
| 005 | 20170814125020.0 | ||
| 008 | 170515s2016 ua frb 000 0 ara d | ||
| 015 | _a2015 / 19721 | ||
| 020 | _a9789770479025 | ||
| 040 |
_aEG-ScBUE _bara _cEG-ScBUE |
||
| 043 | _af-ua--- | ||
| 082 | 0 | 4 |
_a340.532 _bع ب د _222 |
| 100 | 1 | _aعبد الحميد، حسن. | |
| 245 | 1 | 0 |
_aمحاضرات فى تاريخ الفكر القانوني المصري / _cحسن عبد الحميد. |
| 246 | 3 | 0 | _aتاريخ الفكر القانوني المصري |
| 260 |
_aالقاهرة : _bدار النهضة العربية، _c2016. |
||
| 300 |
_a528 ص. ؛ _c24 سم. |
||
| 504 | _aيشتمل على إرجاعات ببليوجرافية. | ||
| 650 | 7 |
_aالقانون _zمصر _xتاريخ قديم. _2BUEsh |
|
| 650 | 7 |
_aالقانون _zمصر _xتاريخ. _2BUEsh |
|
| 651 | _2BUEsh | ||
| 653 |
_bLLAAWW _cMay2017 |
||
| 655 |
_vText book _933728 |
||
| 942 | _2ddc | ||
| 999 |
_c24833 _d24805 |
||